| 000 | 00876nac a22002531u 4500 | ||
|---|---|---|---|
| 010 | _a 97186375 | ||
| 020 | _a0582210054 (pbk) | ||
| 035 | _a(MNU)notisARE5404 | ||
| 035 | _a(OCoLC)OCM36746874 | ||
| 035 | _a(CStRLIN)MNUGARE5404-B | ||
| 082 | 0 | 0 |
_a363.34 _bHEW |
| 090 |
_c9085 _d9085 |
||
| 100 | _aHewitt, Kenneth. | ||
| 245 | 1 | 0 |
_aRegions of risk : a geographical introduction to disasters / _cKenneth Hewitt. |
| 260 |
_aHarlow : _bLongman,C.1997. _cC.1997. |
||
| 300 |
_axx, 389 p. : _bill., maps ; _c24 cm. |
||
| 440 | 0 | _aThemes in resource management | |
| 500 | _aDistributer: Al-Ahram. | ||
| 504 | _aIncludes bibliographical reference (p. 365-382) and index. | ||
| 511 | _aCatalogued By: Mahitab. | ||
| 650 | 0 | _aHazardous geographic environments. | |
| 650 | 0 |
_aDisasters _xSocial aspects. |
|
| 942 |
_cBB _k363.34HEW |
||
| 999 |
_c9085 _d9085 |
||